| 000 | 00605cam a22002054a 4500 | ||
|---|---|---|---|
| 005 | 20131028065727.0 | ||
| 008 | 000714s2001 dcu b 001 0 eng | ||
| 020 | _a156802553X | ||
| 041 | 0 | _aeng | |
| 080 | _a323.27 | ||
| 245 | 1 | 0 |
_aRevolution : _cMark N. Katz, editor. |
| 260 |
_aWashington, D.C. : _bCQ Press, _cc2001. |
||
| 300 |
_axii, 323 p. : _c22 cm. |
||
| 500 | _aPreface : f. IX-XII | ||
| 504 | _aIncludes bibliographical references and index. | ||
| 650 | 0 | _aRevolucionet | |
| 650 | 0 | _aMarrëdhëniet ndërkombëtare | |
| 700 | 1 | _aKatz, Mark N. | |
| 942 |
_2udc _cBK |
||
| 999 |
_c167 _d167 |
||